Statistics for Name the Australian Sports Person #2

Click here to take the quiz!

General Stats

  • This quiz has been taken 9 times
  • The average score is 4 of 30

Answer Stats

Answer% Correct
David Warner
78%
Aaron Mooy
33%
Christian Petracca
22%
John Millman
22%
Latrell Mitchell
22%
Marcus Bontempelli
22%
Marcus Stoinis
22%
Michael Hooper
22%
Mitchell Marsh
22%
Mitchell Starc
22%
Usman Khawaja
22%
Alexei Popyrin
11%
Jamie Whincup
11%
Joe Ingles
11%
Josh Hazlewood
11%
Madison Prespakis
11%
Marnus Labuschagne
11%
Robert Whittaker
11%
Sam Stosur
11%
Astra Sharma
0%
Caitlin Foord
0%
Jack Macrae
0%
Jamie Maclaren
0%
Jenna O'Hea
0%
Jordan Mailata
0%
Jordan Thompson
0%
Maddison Inglis
0%
Sally Fitzgibbons
0%
Storm Sanders
0%
Taliqua Clancy
0%

Score Distribution

Percentile by Number Answered

Percent of People with Each Score

Your Score History

You have not taken this quiz